000 00321nam a2200097Ia 4500
008 220120s9999||||xx |||||||||||||| ||und||
100 _aAnju Ashokan, Athira, Sonu and Sruthi
_912634
245 0 _aQuery adaptive image search with hash codes
260 _aCoorg Institute of Technology
_bPonnampet
_c2016
650 _aMECHANICAL
999 _c138232
_d138232